[Event "IV Integracyjny Turniej Szachowy "IDEA""]
[Site "Lubiewo k/Miedzyzdrojow"]
[Date "2015.05.25"]
[Round "1.1"]
[White "Naruszewicz, Lukasz"]
[Black "Seifert, Henryk"]
[Result "0-1"]
[WhiteElo "1769"]
[BlackElo "2157"]
[Annotator "Kajetan Przysiecki"]
[PlyCount "64"]
[EventDate "2015.05.??"]
[EventType "swiss"]
[EventRounds "9"]
[EventCountry "POL"]
[Source "K. Przysiecki"]
[SourceDate "2015.05.25"]

1. e4 c5 2. Nf3 e6 3. c3 d5 4. Bd3 dxe4 5. Bxe4 Nf6 6. Bc2 Nc6 7. d4 cxd4 8.
Nxd4 Nxd4 9. Qxd4 Qxd4 10. cxd4 Bd7 11. Nc3 Bb4 12. Bd2 O-O 13. Ne4 Nd5 14. a3
Bxd2+ 15. Kxd2 Rfd8 16. Rhd1 Bc6 17. f3 Nf4 18. Rg1 Rxd4+ 19. Ke3 e5 20. Nc3
Rad8 21. Rad1 Rxd1 22. Nxd1 Nd5+ 23. Kf2 Nb6 24. Ne3 Rd2+ 25. Ke1 Rd4 26. Nf5
Rd7 27. Ne3 g6 28. Ng4 Kg7 29. Ne3 f5 30. Bd1 f4 31. Nc2 Ba4 32. Ke2 Nc4 0-1

[Event "IV Integracyjny Turniej Szachowy "IDEA""]
[Site "Lubiewo k/Miedzyzdrojow"]
[Date "2015.05.25"]
[Round "1.2"]
[White "Strzelecki, Jerzy"]
[Black "Szneider, Kazimierz"]
[Result "1/2-1/2"]
[WhiteElo "2088"]
[BlackElo "1748"]
[Annotator "Kajetan Przysiecki"]
[PlyCount "32"]
[EventDate "2015.05.??"]
[EventType "swiss"]
[EventRounds "9"]
[EventCountry "POL"]
[Source "K. Przysiecki"]
[SourceDate "2015.05.25"]

1. c4 d6 2. d4 e5 3. Nf3 f6 4. Nc3 c6 5. g3 g6 6. Bg2 Nh6 7. O-O Nf7 8. e4 Bg7
9. b4 O-O 10. d5 a5 11. bxa5 Rxa5 12. Bd2 Ra8 13. Ne1 c5 14. Nd3 Nd7 15. Rb1
Ra6 16. Qc2 Nb6 1/2-1/2

[Event "IV Integracyjny Turniej Szachowy "IDEA""]
[Site "Lubiewo k/Miedzyzdrojow"]
[Date "2015.05.26"]
[Round "1.3"]
[White "Mirski, Jerzy"]
[Black "Kozicz, Andrzej"]
[Result "0-1"]
[WhiteElo "1746"]
[BlackElo "2049"]
[Annotator "Kajetan Przysiecki"]
[PlyCount "42"]
[EventDate "2015.05.??"]
[EventType "swiss"]
[EventRounds "9"]
[EventCountry "POL"]
[Source "K. Przysiecki"]
[SourceDate "2015.05.25"]

1. Nf3 d5 2. d4 e6 3. c4 c6 4. Nc3 f5 5. e3 Nf6 6. Be2 Bd6 7. c5 Bc7 8. b4 g6
9. a4 Nbd7 10. Ng5 Qe7 11. Bb2 e5 12. O-O e4 13. Qd2 Ng4 14. f4 exf3 15. Nxf3
Qxe3+ 16. Qxe3+ Nxe3 17. Bd3 Nxf1 18. Re1+ Kf8 19. Rxf1 Nf6 20. Bc1 Kg7 21. Bf4
Re8 0-1

[Event "IV Integracyjny Turniej Szachowy "IDEA""]
[Site "Lubiewo k/Miedzyzdrojow"]
[Date "2015.05.25"]
[Round "1.4"]
[White "Pojedziniec, Wladyslaw"]
[Black "Olszewski, Jerzy"]
[Result "1/2-1/2"]
[WhiteElo "2048"]
[BlackElo "1707"]
[Annotator "Kajetan Przysiecki"]
[PlyCount "66"]
[EventDate "2015.05.??"]
[EventType "swiss"]
[EventRounds "9"]
[EventCountry "POL"]
[Source "K. Przysiecki"]
[SourceDate "2015.05.25"]

1. d4 d5 2. Nf3 g6 3. Bf4 Bg7 4. e3 Nf6 5. Bd3 Bg4 6. Nbd2 Nbd7 7. h3 Bxf3 8.
Nxf3 O-O 9. O-O Re8 10. c4 c6 11. g4 dxc4 12. Bxc4 Nb6 13. Bb3 Nfd5 14. Be5
Bxe5 15. Nxe5 e6 16. Kg2 Kg7 17. Qd2 Nd7 18. f4 Nxe5 19. fxe5 Qh4 20. e4 Nb6
21. Qf4 Qe7 22. Rad1 Rad8 23. Rd3 Rd7 24. Qf2 Qd8 25. Rf3 Ree7 26. a4 a5 27.
Kg1 Kg8 28. d5 cxd5 29. exd5 Nxd5 30. Bxd5 Rxd5 31. Rxf7 Re8 32. Rxb7 Rd7 33.
Rb6 Qe7 1/2-1/2

[Event "IV Integracyjny Turniej Szachowy "IDEA""]
[Site "Lubiewo k/Miedzyzdrojow"]
[Date "2015.05.25"]
[Round "1.5"]
[White "Kusnierz, Janusz"]
[Black "Bobrowski, Piotr"]
[Result "0-1"]
[WhiteElo "1707"]
[BlackElo "2006"]
[Annotator "Kajetan Przysiecki"]
[PlyCount "60"]
[EventDate "2015.05.??"]
[EventType "swiss"]
[EventRounds "9"]
[EventCountry "POL"]
[Source "K. Przysiecki"]
[SourceDate "2015.05.25"]

1. c4 g6 2. Nc3 Bg7 3. Nf3 c5 4. g3 Nc6 5. Bg2 e6 6. O-O Nge7 7. d3 O-O 8. a3
d5 9. cxd5 exd5 10. Qc2 h6 11. Rb1 Be6 12. b4 cxb4 13. axb4 Rc8 14. Bd2 Kh7 15.
Qa4 Nf5 16. Rfc1 Qd7 17. b5 Ncd4 18. e3 Rxc3 19. Nxd4 Nxd4 20. exd4 Rxc1+ 21.
Rxc1 Rc8 22. Rxc8 Qxc8 23. Be3 Qd7 24. Qb3 Qd6 25. Bf4 Qb6 26. Be5 Bxe5 27.
dxe5 Qd4 28. Qa3 Qxe5 29. h3 Qe1+ 30. Kh2 Qxf2 0-1

[Event "IV Integracyjny Turniej Szachowy "IDEA""]
[Site "Lubiewo k/Miedzyzdrojow"]
[Date "2015.05.25"]
[Round "1.6"]
[White "Zminda, Bogdan"]
[Black "Dulinski, Stanislaw"]
[Result "1-0"]
[WhiteElo "1944"]
[BlackElo "1692"]
[Annotator "Kajetan Przysiecki"]
[PlyCount "49"]
[EventDate "2015.05.??"]
[EventType "swiss"]
[EventRounds "9"]
[EventCountry "POL"]
[Source "K. Przysiecki"]
[SourceDate "2015.05.25"]

1. e4 e5 2. Nf3 Nc6 3. d4 exd4 4. Bc4 Qf6 5. O-O Nge7 6. c3 Na5 7. e5 Qb6 8.
Bd3 c5 9. b4 cxb4 10. cxd4 Nd5 11. Be4 Ne7 12. d5 Ng6 13. d6 Nc6 14. Re1 Nd8
15. h4 Ne6 16. g3 h5 17. Qc2 Nd4 18. Nxd4 Qxd4 19. Bb2 Qb6 20. Bxg6 fxg6 21.
Qxg6+ Kd8 22. Bc1 Be7 23. Bg5 Re8 24. Bxe7+ Rxe7 25. Qg5 1-0

[Event "IV Integracyjny Turniej Szachowy "IDEA""]
[Site "Lubiewo k/Miedzyzdrojow"]
[Date "2015.05.25"]
[Round "1.7"]
[White "Muller, Marcin"]
[Black "Winiarski, Kazimierz"]
[Result "0-1"]
[WhiteElo "1576"]
[BlackElo "1929"]
[Annotator "Kajetan Przysiecki"]
[PlyCount "48"]
[EventDate "2015.05.??"]
[EventType "swiss"]
[EventRounds "9"]
[EventCountry "POL"]
[Source "K. Przysiecki"]
[SourceDate "2015.05.25"]

1. e4 e6 2. d4 d5 3. exd5 exd5 4. Nc3 Nf6 5. Bg5 Be7 6. Nf3 O-O 7. Bd3 h6 8.
Bh4 Nc6 9. a3 Bg4 10. Be2 Re8 11. O-O Ne4 12. Bxe7 Rxe7 13. h3 Nxc3 14. bxc3
Bh5 15. g4 Bg6 16. Bd3 Be4 17. Nh2 Qd6 18. Re1 Rae8 19. Qd2 Bxd3 20. cxd3 Kf8
21. Rxe7 Rxe7 22. Qb2 b6 23. Nf3 Nd8 24. Ne5 g6 0-1

[Event "IV Integracyjny Turniej Szachowy "IDEA""]
[Site "Lubiewo k/Miedzyzdrojow"]
[Date "2015.05.25"]
[Round "1.8"]
[White "Anglart, Edward"]
[Black "Szczerbak, Stefan"]
[Result "1-0"]
[WhiteElo "1877"]
[BlackElo "1568"]
[Annotator "Kajetan Przysiecki"]
[PlyCount "49"]
[EventDate "2015.05.??"]
[EventType "swiss"]
[EventRounds "9"]
[EventCountry "POL"]
[Source "K. Przysiecki"]
[SourceDate "2015.05.25"]

1. e4 c5 2. Nf3 d6 3. d4 cxd4 4. Nxd4 Nc6 5. Bc4 e5 6. Ne2 Nf6 7. Nbc3 Be7 8.
O-O O-O 9. a3 Bg4 10. f3 Bh5 11. Kh1 a6 12. Be3 Qc7 13. Ba2 Rac8 14. Ng3 Bg6
15. f4 exf4 16. Rxf4 Ne5 17. Bd4 b5 18. h4 h6 19. Qg1 Nc4 20. Nce2 Nh5 21. Nxh5
Bxh5 22. Ng3 Bg6 23. Rg4 Ne5 24. Bxe5 dxe5 25. Rxg6 1-0

[Event "IV Integracyjny Turniej Szachowy "IDEA""]
[Site "Lubiewo k/Miedzyzdrojow"]
[Date "2015.05.25"]
[Round "1.9"]
[White "Krawiec, Stanislaw"]
[Black "Pociejowski, Marek"]
[Result "0-1"]
[WhiteElo "1510"]
[BlackElo "1840"]
[Annotator "Kajetan Przysiecki"]
[PlyCount "86"]
[EventDate "2015.05.??"]
[EventType "swiss"]
[EventRounds "9"]
[EventCountry "POL"]
[Source "K. Przysiecki"]
[SourceDate "2015.05.25"]

1. d4 d5 2. c4 e6 3. Nc3 Nf6 4. Qc2 Nbd7 5. Bg5 h6 6. Bh4 c6 7. cxd5 exd5 8.
Nf3 Bd6 9. e3 O-O 10. Bd3 Re8 11. O-O-O Qa5 12. Nd2 b5 13. Nb3 Qb6 14. a4 Ba6
15. a5 Qb7 16. Qe2 Rac8 17. Kb1 Ne4 18. Na2 c5 19. Bxe4 Rxe4 20. Bg3 Bxg3 21.
hxg3 b4 22. Qe1 c4 23. Nd2 c3 24. Nxe4 c2+ 25. Ka1 cxd1=Q+ 26. Qxd1 dxe4 27.
Qb3 Bc4 28. Qxb4 Qxb4 29. Nxb4 Nf6 30. Rc1 Be6 31. Nc6 Kf8 32. b4 a6 33. Rc5
Nd7 34. Rc3 Bd5 35. Ne7 Rxc3 36. Nxd5 Rc2 37. f3 Nf6 38. Nxf6 gxf6 39. fxe4 Rc4
40. Kb2 Rxb4+ 41. Ka3 Rb5 42. Ka4 h5 43. d5 Ke7 0-1

[Event "IV Integracyjny Turniej Szachowy "IDEA""]
[Site "Lubiewo k/Miedzyzdrojow"]
[Date "2015.05.25"]
[Round "1.10"]
[White "Najdzionek, Boleslaw"]
[Black "Marszalek, Jakub"]
[Result "0-1"]
[WhiteElo "1801"]
[BlackElo "1477"]
[Annotator "Kajetan Przysiecki"]
[PlyCount "44"]
[EventDate "2015.05.??"]
[EventType "swiss"]
[EventRounds "9"]
[EventCountry "POL"]
[Source "K. Przysiecki"]
[SourceDate "2015.05.25"]

1. d4 Nc6 2. Nf3 e6 3. c4 Nce7 4. Nc3 c6 5. e4 d6 6. Bd3 Ng6 7. O-O Be7 8. b3
Nf6 9. h3 Bd7 10. Be3 Qa5 11. Rc1 e5 12. d5 c5 13. Ne2 Qd8 14. Nd2 Nh5 15. Nf3
h6 16. a3 Bg5 17. Bxg5 hxg5 18. b4 b6 19. Bc2 g4 20. hxg4 Bxg4 21. Ba4+ Kf8 22.
Rc3 Nf6 0-1

[Event "IV Integracyjny Turniej Szachowy "IDEA""]
[Site "Lubiewo k/Miedzyzdrojow"]
[Date "2015.05.26"]
[Round "2.1"]
[White "Seifert, Henryk"]
[Black "Anglart, Edward"]
[Result "1-0"]
[WhiteElo "2157"]
[BlackElo "1877"]
[Annotator "Kajetan Przysiecki"]
[PlyCount "73"]
[EventDate "2015.05.??"]
[EventType "swiss"]
[EventRounds "9"]
[EventCountry "POL"]
[Source "K. Przysiecki"]
[SourceDate "2015.05.25"]

1. e4 c5 2. Nf3 g6 3. c3 Bg7 4. d4 cxd4 5. cxd4 Nf6 6. Nc3 O-O 7. Bd3 d6 8. h3
a6 9. O-O b5 10. Be3 Bb7 11. d5 Nbd7 12. Rc1 Rc8 13. Qd2 Nc5 14. b4 Nxd3 15.
Qxd3 Nd7 16. Ne2 Rxc1 17. Rxc1 Nb6 18. Bd4 Bh6 19. Be3 Bg7 20. Nd2 Na4 21. Bd4
Bh6 22. Be3 Bg7 23. Bd4 Bh6 24. Rc2 Qd7 25. Nb3 Rc8 26. Na5 Ba8 27. Nc3 Qc7 28.
Nc6 Nxc3 29. Rxc3 Re8 30. Qc2 Bg7 31. Na5 Qb8 32. Bxg7 Kxg7 33. Rc7 e5 34. Rd7
Qb6 35. Qc7 Qxc7 36. Rxc7 Rd8 37. Ra7 1-0

[Event "IV Integracyjny Turniej Szachowy "IDEA""]
[Site "Lubiewo k/Miedzyzdrojow"]
[Date "2015.05.26"]
[Round "2.2"]
[White "Kozicz, Andrzej"]
[Black "Pociejowski, Marek"]
[Result "1-0"]
[WhiteElo "2049"]
[BlackElo "1840"]
[Annotator "Kajetan Przysiecki"]
[PlyCount "99"]
[EventDate "2015.05.??"]
[EventType "swiss"]
[EventRounds "9"]
[EventCountry "POL"]
[Source "K. Przysiecki"]
[SourceDate "2015.05.25"]

1. e4 Nf6 2. e5 Nd5 3. d4 d6 4. c4 Nb6 5. exd6 exd6 6. Bd3 Be7 7. Ne2 Bg4 8.
Nbc3 Nc6 9. Be3 O-O 10. a3 Re8 11. O-O Bf6 12. Qc2 h6 13. b4 d5 14. c5 Nc4 15.
Bxc4 dxc4 16. Rad1 Bh5 17. b5 Na5 18. Rfe1 g5 19. Ne4 Bg7 20. N4g3 Bg6 21. Qc3
b6 22. c6 Qd5 23. a4 a6 24. Qb2 axb5 25. axb5 f5 26. Nc3 Qd6 27. Nge2 f4 28.
Bc1 Bd3 29. Qa3 Qd8 30. Qb2 Bxd4 31. Nxd4 Qxd4 32. Qb4 Nb3 33. Bb2 Qc5 34. Qxc5
Nxc5 35. Nd5 Rxe1+ 36. Rxe1 Ra2 37. Be5 Ne6 38. Bc3 Kf7 39. h3 Ra8 40. Rxe6
Kxe6 41. Nxc7+ Kd6 42. Nxa8 Bf5 43. Bb4+ Kd5 44. Nxb6+ Kd4 45. c7 c3 46. Bxc3+
Kxc3 47. c8=Q+ Bxc8 48. Nxc8 Kb4 49. Nd6 Kc5 50. Nf7 1-0

[Event "IV Integracyjny Turniej Szachowy "IDEA""]
[Site "Lubiewo k/Miedzyzdrojow"]
[Date "2015.05.26"]
[Round "2.3"]
[White "Bobrowski, Piotr"]
[Black "Urban, Marek"]
[Result "1-0"]
[WhiteElo "2006"]
[BlackElo "1796"]
[Annotator "Kajetan Przysiecki"]
[PlyCount "57"]
[EventDate "2015.05.??"]
[EventType "swiss"]
[EventRounds "9"]
[EventCountry "POL"]
[Source "K. Przysiecki"]
[SourceDate "2015.05.25"]

1. c4 c5 2. g3 Nc6 3. Bg2 Nf6 4. Nc3 e6 5. e4 d6 6. Nge2 Be7 7. O-O O-O 8. d4
cxd4 9. Nxd4 Nxd4 10. Qxd4 Bd7 11. b3 Bc6 12. Ba3 Qc7 13. Rfd1 Rfd8 14. Nb5
Bxb5 15. cxb5 e5 16. Qd3 Rac8 17. Bh3 Ra8 18. Rac1 Qb8 19. Rc2 Ne8 20. Rdc1 b6
21. Qd5 a6 22. bxa6 Qa7 23. Bf1 Bg5 24. Rd1 Nc7 25. Qb7 Nxa6 26. Qxa7 Rxa7 27.
Rxd6 Rb8 28. Rxb6 Re8 29. Rxa6 1-0

[Event "IV Integracyjny Turniej Szachowy "IDEA""]
[Site "Lubiewo k/Miedzyzdrojow"]
[Date "2015.05.26"]
[Round "2.4"]
[White "Marszalek, Jakub"]
[Black "Zminda, Bogdan"]
[Result "0-1"]
[WhiteElo "1477"]
[BlackElo "1944"]
[Annotator "Kajetan Przysiecki"]
[PlyCount "66"]
[EventDate "2015.05.??"]
[EventType "swiss"]
[EventRounds "9"]
[EventCountry "POL"]
[Source "K. Przysiecki"]
[SourceDate "2015.05.25"]

1. Nc3 d5 2. e4 d4 3. Nce2 e5 4. Ng3 Nf6 5. Bc4 h5 6. h3 h4 7. Nf1 Nxe4 8. d3
Bb4+ 9. Nd2 Nd6 10. Bb3 e4 11. dxe4 Nxe4 12. Qe2 O-O 13. Kf1 Nc5 14. Ngf3 Nc6
15. a3 Re8 16. Qd1 Bxd2 17. Bxd2 Nxb3 18. cxb3 Be6 19. Bg5 Qd5 20. b4 Qe4 21.
Bxh4 Bc4+ 22. Kg1 Be2 23. Nd2 Qxh4 24. Qb3 d3 25. Rc1 Nd4 26. Qd5 Rad8 27. Qxb7
Qg5 28. Rxc7 Qxd2 29. Rxf7 Qg5 30. Kh2 d2 31. f4 Qg6 32. Rd7 Bf3 33. gxf3 Re2#
0-1

[Event "IV Integracyjny Turniej Szachowy "IDEA""]
[Site "Lubiewo k/Miedzyzdrojow"]
[Date "2015.05.26"]
[Round "2.6"]
[White "Olszewski, Jerzy"]
[Black "Strzelecki, Jerzy"]
[Result "1/2-1/2"]
[WhiteElo "1707"]
[BlackElo "2088"]
[Annotator "Kajetan Przysiecki"]
[PlyCount "116"]
[EventDate "2015.05.??"]
[EventType "swiss"]
[EventRounds "9"]
[EventCountry "POL"]
[Source "K. Przysiecki"]
[SourceDate "2015.05.25"]

1. e4 c5 2. g3 g6 3. Bg2 Bg7 4. Nf3 Nc6 5. O-O Nf6 6. d3 d5 7. Nfd2 e5 8. Nc3
Be6 9. exd5 Nxd5 10. Nde4 b6 11. Ng5 O-O 12. Nxe6 fxe6 13. Ne4 Qd7 14. Bd2 Nd4
15. a3 a5 16. Be3 Nf5 17. Bd2 Rad8 18. Bc3 h6 19. Qe2 Kh7 20. Rae1 Qe7 21. Nd2
Nxc3 22. bxc3 Nd6 23. Ne4 Nf5 24. Rb1 Rb8 25. Rb5 Nd6 26. Nxd6 Qxd6 27. Qe4 c4
28. Qxc4 Qxa3 29. Qxe6 Qxc3 30. Qb3 Qxb3 31. Rxb3 Rfc8 32. c4 Bf8 33. Be4 Bc5
34. Kg2 Rf8 35. f3 Kg7 36. Ra1 Rbc8 37. Ra4 g5 38. h3 Rc7 39. g4 Kf6 40. Rb1
Rh8 41. Ra2 h5 42. Bf5 Rc6 43. Kg3 Rd6 44. Kg2 Kg7 45. Kg3 Be3 46. Kg2 Rdh6 47.
Rh1 Bd4 48. Kg3 Ra8 49. Be4 Ra7 50. Ra4 Kf7 51. Bf5 Ke7 52. Rb1 Kd6 53. Kg2 Rh8
54. Kg3 h4+ 55. Kg2 Rb8 56. Kf1 Bc5 57. Ke2 Rf8 58. Be4 Rc7 1/2-1/2

[Event "IV Integracyjny Turniej Szachowy "IDEA""]
[Site "Lubiewo k/Miedzyzdrojow"]
[Date "2015.05.26"]
[Round "2.7"]
[White "Szneider, Kazimierz"]
[Black "Pojedziniec, Wladyslaw"]
[Result "1/2-1/2"]
[WhiteElo "1748"]
[BlackElo "2048"]
[Annotator "Kajetan Przysiecki"]
[PlyCount "22"]
[EventDate "2015.05.??"]
[EventType "swiss"]
[EventRounds "9"]
[EventCountry "POL"]
[Source "K. Przysiecki"]
[SourceDate "2015.05.25"]

1. d4 d5 2. c4 e6 3. Nf3 Nf6 4. e3 c6 5. Nc3 Nbd7 6. a3 Bd6 7. cxd5 exd5 8. Bd3
O-O 9. O-O Re8 10. Qc2 h6 11. h3 Qe7 1/2-1/2

[Event "IV Integracyjny Turniej Szachowy "IDEA""]
[Site "Lubiewo k/Miedzyzdrojow"]
[Date "2015.05.26"]
[Round "2.8"]
[White "Dulinski, Stanislaw"]
[Black "Najdzionek, Boleslaw"]
[Result "0-1"]
[WhiteElo "1692"]
[BlackElo "1801"]
[Annotator "Kajetan Przysiecki"]
[PlyCount "82"]
[EventDate "2015.05.??"]
[EventType "swiss"]
[EventRounds "9"]
[EventCountry "POL"]
[Source "K. Przysiecki"]
[SourceDate "2015.05.25"]

1. e4 c5 2. f4 Nc6 3. Nf3 d6 4. c3 Nf6 5. d3 e6 6. Nbd2 Be7 7. Be2 O-O 8. O-O
Qc7 9. h3 Bd7 10. Nh2 a6 11. Ng4 Nxg4 12. Bxg4 f5 13. exf5 exf5 14. Bf3 Bf6 15.
Nc4 Be6 16. Ne3 Ne7 17. c4 Rae8 18. Nd5 Bd4+ 19. Kh1 Nxd5 20. cxd5 Bf7 21. Rb1
a5 22. b3 Qe7 23. Bd2 b6 24. Qc2 Qb7 25. Qc4 b5 26. Qc2 Bxd5 27. Bxa5 Re3 28.
Bd2 Rxf3 29. gxf3 Bxf3+ 30. Kh2 Be2 31. Bc3 Bxf1 32. Bxd4 Qf3 33. Qf2 Qxh3+ 34.
Kg1 Bxd3 35. Rb2 Be4 36. Qe3 Qh1+ 37. Kf2 cxd4 38. Qxd4 Qf3+ 39. Ke1 Rc8 40.
Qd2 Bd3 41. Qf2 Re8+ 0-1

[Event "IV Integracyjny Turniej Szachowy "IDEA""]
[Site "Lubiewo k/Miedzyzdrojow"]
[Date "2015.05.26"]
[Round "2.9"]
[White "Muller, Marcin"]
[Black "Naruszewicz, Lukasz"]
[Result "0-1"]
[WhiteElo "1576"]
[BlackElo "1769"]
[Annotator "Kajetan Przysiecki"]
[PlyCount "38"]
[EventDate "2015.05.??"]
[EventType "swiss"]
[EventRounds "9"]
[EventCountry "POL"]
[Source "K. Przysiecki"]
[SourceDate "2015.05.25"]

1. e4 c6 2. d4 d6 3. f4 g6 4. Nf3 Bg7 5. Nc3 Qc7 6. Bd3 Bg4 7. h3 Bxf3 8. Qxf3
Bxd4 9. Bd2 Nd7 10. O-O-O e6 11. Ne2 Bg7 12. Rhf1 Ne7 13. g4 Qb6 14. c3 d5 15.
e5 c5 16. Bc2 Nc6 17. f5 Ndxe5 18. Qg3 Nc4 19. fxe6 Qxb2# 0-1

[Event "IV Integracyjny Turniej Szachowy "IDEA""]
[Site "Lubiewo k/Miedzyzdrojow"]
[Date "2015.05.26"]
[Round "2.11"]
[White "Krawiec, Stanislaw"]
[Black "Kusnierz, Janusz"]
[Result "1-0"]
[WhiteElo "1510"]
[BlackElo "1707"]
[Annotator "Kajetan Przysiecki"]
[PlyCount "99"]
[EventDate "2015.05.??"]
[EventType "swiss"]
[EventRounds "9"]
[EventCountry "POL"]
[Source "K. Przysiecki"]
[SourceDate "2015.05.25"]

1. d4 Nf6 2. c4 c5 3. e3 e6 4. Nc3 d5 5. dxc5 Bxc5 6. Nf3 O-O 7. Qc2 b6 8. a3
Bb7 9. b4 Be7 10. Be2 dxc4 11. Bxc4 Qc7 12. Nb5 Qd8 13. Be2 Nc6 14. Bb2 a6 15.
Rd1 Qb8 16. Nbd4 Rc8 17. Qb1 Nxd4 18. Bxd4 Be4 19. Bd3 Bxd3 20. Qxd3 b5 21. O-O
Qb7 22. Rfe1 Rc7 23. Ng5 g6 24. e4 Nh5 25. Nh3 Rd8 26. Qe3 Rcd7 27. f4 f6 28.
Nf2 e5 29. fxe5 fxe5 30. Bxe5 Rxd1 31. Nxd1 Qd7 32. Qb3+ Kf8 33. Rf1+ Nf6 34.
Bxf6 Bxf6 35. Rxf6+ Kg7 36. Rf1 Qd4+ 37. Nf2 Re8 38. Rd1 Qa7 39. Qc3+ Kg8 40.
Qd3 Rf8 41. Qd5+ Rf7 42. Qc5 Qb8 43. e5 Rf5 44. Ng4 Kg7 45. Rd7+ Rf7 46. Rxf7+
Kxf7 47. Qd5+ Kg7 48. Qd7+ Kh8 49. h3 Qf8 50. Nf6 1-0

[Event "IV Integracyjny Turniej Szachowy "IDEA""]
[Site "Lubiewo k/Miedzyzdrojow"]
[Date "2015.05.27"]
[Round "3.1"]
[White "Bobrowski, Piotr"]
[Black "Seifert, Henryk"]
[Result "1/2-1/2"]
[WhiteElo "2006"]
[BlackElo "2157"]
[Annotator "Kajetan Przysiecki"]
[PlyCount "138"]
[EventDate "2015.05.??"]
[EventType "swiss"]
[EventRounds "9"]
[EventCountry "POL"]
[Source "K. Przysiecki"]
[SourceDate "2015.05.25"]

1. c4 c6 2. d4 d5 3. e3 Nf6 4. Nc3 e6 5. Bd2 Nbd7 6. Nf3 Be7 7. Bd3 dxc4 8.
Bxc4 b5 9. Bd3 Bb7 10. O-O O-O 11. a3 a5 12. Qb3 Nc5 13. Qc2 Nxd3 14. Qxd3 b4
15. axb4 axb4 16. Ne4 c5 17. Nxf6+ Bxf6 18. e4 Bxd4 19. Nxd4 e5 20. f3 Qxd4+
21. Qxd4 exd4 22. Rfc1 Rxa1 23. Rxa1 Rc8 24. Kf2 b3 25. Ra7 Bc6 26. Ra5 Bd7 27.
Ke2 c4 28. Bc1 Be6 29. f4 f6 30. Ra6 Bg4+ 31. Kd2 c3+ 32. Kd3 cxb2 33. Bxb2
Be2+ 34. Kxe2 Rc2+ 35. Kd3 Rxb2 36. Rb6 Rxg2 37. Rxb3 Rxh2 38. Kxd4 Rf2 39. f5
h6 40. Rh3 Kh7 41. Ke3 Rg2 42. Kf3 Rg5 43. Kf4 Rg1 44. Rh4 Rg5 45. e5 fxe5+ 46.
Kxe5 g6 47. Rf4 Kg7 48. Ke4 Rg3 49. fxg6 Kxg6 50. Rf8 Kg5 51. Rh8 h5 52. Rh7
Kg4 53. Rh8 h4 54. Rg8+ Kh3 55. Rh8 Ra3 56. Kf4 Ra1 57. Kf3 Rf1+ 58. Ke2 Rf5
59. Rg8 Kh2 60. Rg7 Rf4 61. Rg8 h3 62. Rg7 Ra4 63. Kf1 Ra2 64. Rg8 Rg2 65. Rh8
Rg4 66. Rf8 Rh4 67. Kf2 Rb4 68. Rf3 Rb2+ 69. Kf1 Rb1+ 1/2-1/2

[Event "IV Integracyjny Turniej Szachowy "IDEA""]
[Site "Lubiewo k/Miedzyzdrojow"]
[Date "2015.05.27"]
[Round "3.2"]
[White "Zminda, Bogdan"]
[Black "Kozicz, Andrzej"]
[Result "1-0"]
[WhiteElo "1944"]
[BlackElo "2049"]
[Annotator "Kajetan Przysiecki"]
[PlyCount "93"]
[EventDate "2015.05.??"]
[EventType "swiss"]
[EventRounds "9"]
[EventCountry "POL"]
[Source "K. Przysiecki"]
[SourceDate "2015.05.25"]

1. e4 c5 2. Nf3 a6 3. c4 d6 4. d4 cxd4 5. Nxd4 Nc6 6. Nc3 e6 7. Be3 Be7 8. Be2
Nf6 9. g4 Nd7 10. Nxc6 bxc6 11. Qd2 Qc7 12. g5 Bb7 13. h4 Qa5 14. Kf1 c5 15.
Rg1 Rd8 16. h5 g6 17. f4 Bc6 18. Kf2 Qc7 19. Rh1 Qb7 20. hxg6 fxg6 21. Nd5 Nb6
22. Qc3 O-O 23. Rxh7 Kxh7 24. Rh1+ Kg8 25. Rh8+ Kf7 26. Rh7+ Ke8 27. Rxe7+ Qxe7
28. Nxe7 Kxe7 29. Qg7+ Rf7 30. Qxg6 Rh8 31. Kg3 Nd7 32. e5 dxe5 33. Bg4 Nf8 34.
Bxc5+ Ke8 35. Bxf8 exf4+ 36. Kf2 Rh2+ 37. Ke1 Kxf8 38. Bxe6 Be8 39. Bxf7 Bxf7
40. Qd6+ Kg7 41. g6 Rh1+ 42. Kf2 Rh2+ 43. Kg1 Re2 44. gxf7 Kxf7 45. Qxf4+ Ke7
46. c5 Kd8 47. Qd6+ 1-0

[Event "IV Integracyjny Turniej Szachowy "IDEA""]
[Site "Lubiewo k/Miedzyzdrojow"]
[Date "2015.05.27"]
[Round "3.3"]
[White "Strzelecki, Jerzy"]
[Black "Winiarski, Kazimierz"]
[Result "1-0"]
[WhiteElo "2088"]
[BlackElo "1929"]
[Annotator "Kajetan Przysiecki"]
[PlyCount "53"]
[EventDate "2015.05.??"]
[EventType "swiss"]
[EventRounds "9"]
[EventCountry "POL"]
[Source "K. Przysiecki"]
[SourceDate "2015.05.25"]

1. Nf3 f5 2. d4 Nf6 3. c4 e6 4. Nc3 Be7 5. Bf4 d6 6. e3 O-O 7. Bd3 Qe8 8. Qc2
a5 9. h3 Na6 10. a3 Bd7 11. O-O-O c6 12. g4 b5 13. gxf5 b4 14. fxe6 bxc3 15.
exd7 cxb2+ 16. Kb1 Qxd7 17. Ng5 Nh5 18. Nxh7 Nxf4 19. Nxf8 Rxf8 20. exf4 Rxf4
21. Qe2 c5 22. Rhe1 Kf8 23. d5 Nc7 24. Qxb2 Bf6 25. Qb8+ Kf7 26. Re2 Ne8 27.
Rxe8 1-0

[Event "IV Integracyjny Turniej Szachowy "IDEA""]
[Site "Lubiewo k/Miedzyzdrojow"]
[Date "2015.05.27"]
[Round "3.4"]
[White "Pojedziniec, Wladyslaw"]
[Black "Krawiec, Stanislaw"]
[Result "1-0"]
[WhiteElo "2048"]
[BlackElo "1510"]
[Annotator "Kajetan Przysiecki"]
[PlyCount "75"]
[EventDate "2015.05.??"]
[EventType "swiss"]
[EventRounds "9"]
[EventCountry "POL"]
[Source "K. Przysiecki"]
[SourceDate "2015.05.25"]

1. d4 d5 2. c4 Nf6 3. cxd5 Qxd5 4. Nc3 Qa5 5. Nf3 Bf5 6. a3 c6 7. Bd2 Qc7 8. g3
e6 9. Bg2 Bd6 10. Rc1 a6 11. O-O O-O 12. Na4 Bg6 13. Nh4 Nbd7 14. Nxg6 fxg6 15.
Qb3 Rae8 16. e4 Be7 17. Qxe6+ Kh8 18. Qb3 h6 19. Be3 Qb8 20. Bf4 Qc8 21. d5 Nc5
22. Qc2 Nh5 23. Be3 Nd7 24. dxc6 bxc6 25. Qxc6 Qxc6 26. Rxc6 g5 27. Rxa6 Ne5
28. Bc5 Nd3 29. Bxe7 Rxe7 30. Rd6 Ne5 31. Rc1 Ref7 32. Rd2 Ng4 33. Rcc2 Nhf6
34. Nc3 Ne5 35. Nd5 Ne8 36. Ne3 g4 37. Nc4 Nf3+ 38. Bxf3 1-0